000 00550nam a2200181Ia 4500
003 GCL
008 140319s9999 xx 000 0 eng d
040 _aGCL /
_cGCL
082 0 4 _a629.13007
_bN F
100 1 _aNATIONAL HEADQUARTERS CIVIL AIRPORT
245 1 0 _aFUN IN FLIGHT: EXPLORATING CAREERS IN THE AEROSPACE WORLD /
_cNATIONAL HEADQUARTERS CIVIL AIRPORT
260 _a[S.N] :
_bNATIONAL HEADQUARTERS ،
_c1991
300 _a63 P
650 0 4 _aAVIATION
650 0 4 _aFLIGHTS
650 0 4 _aAERONAUTICS - STUDY AND TEACHING
942 _2ddc
_cBK
999 _c15571
_d15571